[Event "Landesliga Ost MV 2014-15"]
[Site "Mecklenburg-Vorpommern"]
[Date "2015.02.22"]
[Round "6.4"]
[White "Schubert, Volker"]
[Black "Nauschuetz, Ernst"]
[Result "1-0"]
[WhiteElo "2059"]
[BlackElo "1818"]
[PlyCount "94"]
[EventType "team-tourn"]
[EventRounds "9"]
[EventCountry "GER"]
[SourceDate "2014.04.06"]
[WhiteTeam "SV Motor Wolgast"]
[BlackTeam "Greifswalder SV  II"]

1. d4 Nf6 2. Nf3 e6 3. e3 c5 4. c3 b6 5. Bd3 Bb7 6. Nbd2 Be7 7. O-O O-O 8. e4
cxd4 9. cxd4 Nc6 10. Qe2 d5 11. e5 Nd7 12. Re1 Rc8 13. Nf1 Nb4 14. Bb1 Ba6 15.
Qd2 Qc7 16. Ne3 Rfe8 17. a3 Nc6 18. Qc2 g6 19. Bd2 Ncb8 20. Bc3 Bb7 21. Qd2 a5
22. h4 Qd8 23. g3 f5 24. exf6 Bxf6 25. Ng4 Nf8 26. Bd3 Bg7 27. Nh6+ Bxh6 28.
Qxh6 Qf6 29. Ne5 Nc6 30. Ng4 Qf3 31. Be2 Qf7 32. Qg5 Qe7 33. Nf6+ Kh8 34. Nxe8
Qxg5 35. hxg5 Rxe8 36. f4 Ra8 37. b4 Kg7 38. Rec1 Kf7 39. bxa5 bxa5 40. Rab1
Ra7 41. a4 Ke7 42. Bb5 Nd7 43. Bb2 Ndb8 44. Ba3+ Nb4 45. Bxb4+ axb4 46. Rc7+
Kd6 47. Rxh7 Nc6 1-0

[Event "Landesliga Ost MV 2014-15"]
[Site "Mecklenburg-Vorpommern"]
[Date "2015.02.22"]
[Round "6.5"]
[White "Malchau, Jochen"]
[Black "Rosin, Ralf"]
[Result "0-1"]
[WhiteElo "1597"]
[BlackElo "1727"]
[PlyCount "98"]
[EventType "team-tourn"]
[EventRounds "9"]
[EventCountry "GER"]
[SourceDate "2014.04.06"]
[WhiteTeam "Greifswalder SV  II"]
[BlackTeam "SV Motor Wolgast"]

1. d4 d5 2. c4 c6 3. cxd5 cxd5 4. Nc3 e6 5. Nf3 Nf6 6. Bf4 Bd6 7. Bxd6 Qxd6 8.
e3 Nc6 9. Bd3 O-O 10. O-O Bd7 11. Rc1 a6 12. a3 Rfe8 13. Re1 e5 14. dxe5 Nxe5
15. Be2 Rad8 16. Nxe5 Rxe5 17. Bf3 Bc6 18. Qd4 Qe7 19. g3 Ne4 20. Bg2 Qf6 21.
f4 Ree8 22. Qxf6 Nxf6 23. Rcd1 Ne4 24. Rd4 Nf6 25. e4 dxe4 26. Rxd8 Rxd8 27. h3
Re8 28. Re3 Nd5 29. Nxd5 Bxd5 30. f5 f6 31. g4 Kf7 32. Kh2 g5 33. fxg6+ hxg6
34. Kg3 b5 35. Kf4 g5+ 36. Kg3 Kg6 37. h4 gxh4+ 38. Kxh4 f5 39. gxf5+ Kxf5 40.
Kg3 Ke5 41. Kf2 Rf8+ 42. Ke2 Kd4 43. Rg3 Bc4+ 44. Ke1 Bd3 45. Bh3 Rf6 46. Rg7
Rh6 47. Bg2 Rc6 48. Kd1 Rc2 49. b3 Rb2 0-1

[Event "Landesliga Ost MV 2014-15"]
[Site "Mecklenburg-Vorpommern"]
[Date "2015.02.22"]
[Round "6.6"]
[White "Schellner, Ulf"]
[Black "Fasold, Gunnar"]
[Result "0-1"]
[WhiteElo "1632"]
[BlackElo "1575"]
[PlyCount "68"]
[EventType "team-tourn"]
[EventRounds "9"]
[EventCountry "GER"]
[SourceDate "2014.04.06"]
[WhiteTeam "SV Motor Wolgast"]
[BlackTeam "Greifswalder SV  II"]

1. d4 Nf6 2. c4 e6 3. Nc3 d5 4. Nf3 Be7 5. Bg5 Nbd7 6. e3 c6 7. Qc2 h6 8. Bh4
O-O 9. Bd3 dxc4 10. Bxc4 b5 11. Be2 Nb6 12. O-O Bb7 13. Rfd1 Nfd5 14. Bxe7 Qxe7
15. Nxd5 Nxd5 16. a3 a5 17. Ne5 Qd6 18. Bf3 Rac8 19. Nd3 a4 20. Rac1 Nb6 21.
Nc5 Ba8 22. Qd2 Rfd8 23. Qb4 Nd5 24. Bxd5 Qxd5 25. Nd3 c5 26. Nf4 cxb4 27. Nxd5
Bxd5 28. axb4 Rc4 29. Rxc4 Bxc4 30. f3 e5 31. Kf2 exd4 32. exd4 Re8 33. Rd2 Kf8
34. g3 Ke7 0-1

[Event "Landesliga Ost MV 2014-15"]
[Site "Mecklenburg-Vorpommern"]
[Date "2015.02.22"]
[Round "6.7"]
[White "Schmidt, Thomas"]
[Black "Klotzsche, Stefan"]
[Result "1-0"]
[WhiteElo "1507"]
[BlackElo "1707"]
[PlyCount "127"]
[EventType "team-tourn"]
[EventRounds "9"]
[EventCountry "GER"]
[SourceDate "2014.04.06"]
[WhiteTeam "Greifswalder SV  II"]
[BlackTeam "SV Motor Wolgast"]

1. b3 c5 2. Bb2 e6 3. e3 Nf6 4. c4 Be7 5. Nc3 d6 6. Bd3 Nc6 7. Nge2 a6 8. O-O
Qc7 9. Ng3 Bd7 10. Nce4 O-O-O 11. Nxf6 gxf6 12. Nh5 Ne5 13. Bc2 Bc6 14. f4 Nd7
15. Ng3 Rdg8 16. Qh5 Rg7 17. Be4 Rhg8 18. Bxc6 Qxc6 19. Qf3 Qxf3 20. Rxf3 h5
21. Rf2 Rh7 22. f5 e5 23. Ne4 Kc7 24. Rf3 b5 25. d3 Kc6 26. Rg3 Rhg7 27. Rf1 b4
28. Rff3 Nb6 29. Rxg7 Rxg7 30. Rh3 Rh7 31. Rh4 d5 32. Ng3 e4 33. cxd5+ Nxd5 34.
Rxe4 h4 35. Ne2 Rh5 36. Nf4 Nxf4 37. Rxf4 Bd6 38. Rf3 Be5 39. Bxe5 fxe5 40. e4
f6 41. Kf2 a5 42. Rh3 Rh8 43. Kf3 Rd8 44. Kg4 Rg8+ 45. Kf3 Rd8 46. Ke2 Rg8 47.
g3 hxg3 48. Rxg3 Rh8 49. h3 Kb5 50. Kf2 a4 51. Kg2 axb3 52. axb3 Ra8 53. h4
Ra2+ 54. Kh3 Rb2 55. h5 Rxb3 56. h6 Rb1 57. Kh2 Rb2+ 58. Rg2 Rxg2+ 59. Kxg2 b3
60. h7 b2 61. h8=Q Ka4 62. Qh1 Kb3 63. Qb1 Kc3 64. Kf3 1-0

[Event "Landesliga Ost MV 2014-15"]
[Site "Mecklenburg-Vorpommern"]
[Date "2015.02.22"]
[Round "6.8"]
[White "Zimmermann, Frank"]
[Black "Motullo, Jens"]
[Result "1-0"]
[WhiteElo "1615"]
[BlackElo "1617"]
[PlyCount "75"]
[EventType "team-tourn"]
[EventRounds "9"]
[EventCountry "GER"]
[SourceDate "2014.04.06"]
[WhiteTeam "SV Motor Wolgast"]
[BlackTeam "Greifswalder SV  II"]

1. e4 e5 2. Nf3 Nc6 3. Bb5 g6 4. O-O Bg7 5. c3 Nge7 6. d4 a6 7. Ba4 b5 8. Bc2
O-O 9. Be3 h6 10. dxe5 Kh7 11. Nbd2 Ng8 12. Nb3 Nxe5 13. Nxe5 Bxe5 14. Qd5
Bxh2+ 15. Kxh2 Qh4+ 16. Kg1 Rb8 17. Ba7 Nf6 18. Qe5 Ng4 19. Qg3 Qxg3 20. fxg3
Rb7 21. Bd4 d6 22. Na5 Rb8 23. Nc6 Ra8 24. Bb3 Bd7 25. Bd5 Rae8 26. Rf3 f5 27.
Re1 h5 28. e5 Be6 29. Bxe6 Rxe6 30. Rd3 Rfe8 31. Bf2 Kg7 32. Red1 dxe5 33. Rd7+
Kh6 34. Nd8 R6e7 35. Bc5 Rxd7 36. Rxd7 e4 37. Nf7+ Kh7 38. Ne5+ 1-0

[Event "Landesliga Ost MV 2014-15"]
[Site "Mecklenburg-Vorpommern"]
[Date "2015.02.22"]
[Round "6.1"]
[White "Luethke, Hans Eckart"]
[Black "Dao, Xuan Duong"]
[Result "1-0"]
[WhiteElo "2121"]
[BlackElo "1740"]
[PlyCount "61"]
[EventType "team-tourn"]
[EventRounds "9"]
[EventCountry "GER"]
[SourceDate "2014.04.06"]
[WhiteTeam "SSC Graal-Mueritz"]
[BlackTeam "SG Eintracht Neubrandenburg  III"]

1. Nf3 Nc6 2. d4 d5 3. g3 e6 4. Bg2 Nf6 5. O-O Be7 6. b3 O-O 7. Bb2 b6 8. c4
Ba6 9. cxd5 Nxd5 10. Re1 Bb4 11. Nfd2 Qd7 12. a3 Be7 13. e4 Nf6 14. Nf3 Rad8
15. Qc2 Rfe8 16. Nbd2 Nb8 17. b4 Rc8 18. Bh3 c5 19. bxc5 bxc5 20. d5 c4 21. Bc3
Bc5 22. Ng5 h6 23. dxe6 fxe6 24. e5 hxg5 25. exf6 Qf7 26. Ne4 Nd7 27. Nxg5 Qh5
28. f7+ Kf8 29. fxe8=Q+ Kxe8 30. Nxe6 Kf7 31. Qf5+ 1-0

[Event "Landesliga Ost MV 2014-15"]
[Site "Mecklenburg-Vorpommern"]
[Date "2015.02.22"]
[Round "6.2"]
[White "Bugdahl, Felix"]
[Black "Van Bentum, Horst"]
[Result "1/2-1/2"]
[WhiteElo "1603"]
[BlackElo "2013"]
[PlyCount "46"]
[EventType "team-tourn"]
[EventRounds "9"]
[EventCountry "GER"]
[SourceDate "2014.04.06"]
[WhiteTeam "SG Eintracht Neubrandenburg  III"]
[BlackTeam "SSC Graal-Mueritz"]

1. b3 d5 2. Bb2 Nf6 3. Nf3 Bg4 4. e3 e6 5. c4 c6 6. Be2 Nbd7 7. O-O Bd6 8. Nc3
O-O 9. h3 Bh5 10. cxd5 exd5 11. Nd4 Bxe2 12. Qxe2 Re8 13. f4 Nc5 14. Rf3 Qd7
15. Raf1 Nce4 16. d3 Nxc3 17. Bxc3 c5 18. Nc2 d4 19. Bb2 Nd5 20. e4 f6 21. Qd1
Nc7 22. Rg3 Rf8 23. Qh5 Rae8 1/2-1/2

[Event "Landesliga Ost MV 2014-15"]
[Site "Mecklenburg-Vorpommern"]
[Date "2015.02.22"]
[Round "6.3"]
[White "Schulz, Wolf Detlef"]
[Black "Peters, Hans Joachim"]
[Result "1/2-1/2"]
[WhiteElo "1821"]
[BlackElo "1714"]
[PlyCount "119"]
[EventType "team-tourn"]
[EventRounds "9"]
[EventCountry "GER"]
[SourceDate "2014.04.06"]
[WhiteTeam "SSC Graal-Mueritz"]
[BlackTeam "SG Eintracht Neubrandenburg  III"]

1. e4 e6 2. f4 d5 3. e5 c5 4. Nf3 Nc6 5. c3 Qb6 6. Qb3 Qxb3 7. axb3 Bd7 8. Bd3
Nge7 9. Na3 Ng6 10. g3 Rc8 11. Nc2 a6 12. h4 f5 13. Ne3 Nge7 14. Kf2 g6 15. Be2
h5 16. Ng5 Ng8 17. d3 Nh6 18. Bd2 Nf7 19. Rh2 Nxg5 20. hxg5 Rg8 21. Bf3 Nb8 22.
Bd1 Nc6 23. Bf3 Kf7 24. Ng2 Be7 25. Bd1 Nb8 26. Bc2 Bc6 27. Ne3 Bd7 28. Bd1 Nc6
29. Bf3 Nb8 30. Nd1 Nc6 31. Ne3 Nb8 32. Nc2 Nc6 33. Ra2 Rb8 34. Rh1 Rh8 35. Ne3
Rbc8 36. Ng2 Kg7 37. Be3 Be8 38. Bd2 Bd7 39. Ne3 Be8 40. Nc2 Bd7 41. Raa1 Be8
42. Rh2 Bd7 43. Rah1 Be8 44. g4 fxg4 45. Bxg4 Bd7 46. Be2 Rcf8 47. Ke1 Nb8 48.
Rh4 Bc6 49. R1h2 Bd7 50. Ne3 Nc6 51. Nf1 Be8 52. Ng3 Bd8 53. Bf1 Be7 54. Bh3
Bd7 55. Nf1 Bd8 56. Ne3 Be7 57. Nxd5 exd5 58. Bxd7 Na5 59. f5 gxf5 60. Bf4
1/2-1/2

[Event "Landesliga Ost MV 2014-15"]
[Site "Mecklenburg-Vorpommern"]
[Date "2015.02.22"]
[Round "6.4"]
[White "Hollender, Dirk"]
[Black "Schumann, Lutz"]
[Result "1-0"]
[WhiteElo "1672"]
[BlackElo "1735"]
[PlyCount "51"]
[EventType "team-tourn"]
[EventRounds "9"]
[EventCountry "GER"]
[SourceDate "2014.04.06"]
[WhiteTeam "SG Eintracht Neubrandenburg  III"]
[BlackTeam "SSC Graal-Mueritz"]

1. e4 g6 2. Nf3 Bg7 3. d4 d6 4. c4 Nf6 5. Nc3 c6 6. Be2 O-O 7. O-O Na6 8. Rb1
Nc7 9. Re1 a6 10. a4 Ne6 11. b4 Qc7 12. b5 axb5 13. axb5 Nd7 14. Bf1 Rd8 15.
Be3 Ra3 16. Qc1 Qa5 17. Ne2 Nb6 18. bxc6 bxc6 19. d5 Nc5 20. Ned4 cxd5 21. Nc6
Qa6 22. cxd5 Rc3 23. Bxa6 Rxc1 24. Rexc1 Re8 25. Bxc5 Bxa6 26. Rxb6 1-0

[Event "Landesliga Ost MV 2014-15"]
[Site "Mecklenburg-Vorpommern"]
[Date "2015.02.22"]
[Round "6.5"]
[White "Poppe, Thomas"]
[Black "Mietz, Wolfgang"]
[Result "0-1"]
[WhiteElo "1722"]
[BlackElo "1585"]
[PlyCount "70"]
[EventType "team-tourn"]
[EventRounds "9"]
[EventCountry "GER"]
[SourceDate "2014.04.06"]
[WhiteTeam "SSC Graal-Mueritz"]
[BlackTeam "SG Eintracht Neubrandenburg  III"]

1. d4 d5 2. c4 e6 3. Nc3 Nf6 4. Nf3 c6 5. c5 Nbd7 6. Bf4 Nh5 7. e3 Nxf4 8. exf4
Qa5 9. a3 Qc7 10. g3 b6 11. cxb6 axb6 12. Rc1 c5 13. Bb5 c4 14. Ne5 Bd6 15. Bc6
Bxe5 16. Bxa8 Bf6 17. Bxd5 exd5 18. Qe2+ Kd8 19. Nxd5 Qc6 20. Qxc4 Re8+ 21. Kd2
Qxc4 22. Rxc4 Bb7 23. Nxf6 Nxf6 24. Rhc1 Ne4+ 25. Kc2 Nxf2 26. Kc3 Re2 27. Rc2
Re3+ 28. Kb4 Nd3+ 29. Kb5 Ne1 30. Rd2 Nf3 31. Rf2 Rb3+ 32. Ka4 Rd3 33. Rb4 Bc6+
34. Rb5 Nxd4 35. Kb4 Bxb5 0-1

[Event "Landesliga Ost MV 2014-15"]
[Site "Mecklenburg-Vorpommern"]
[Date "2015.02.22"]
[Round "6.6"]
[White "Friedrich, Joerg"]
[Black "Micheel, Peter"]
[Result "0-1"]
[WhiteElo "1657"]
[BlackElo "1721"]
[PlyCount "96"]
[EventType "team-tourn"]
[EventRounds "9"]
[EventCountry "GER"]
[SourceDate "2014.04.06"]
[WhiteTeam "SG Eintracht Neubrandenburg  III"]
[BlackTeam "SSC Graal-Mueritz"]

1. e4 e5 2. Bc4 Nf6 3. d4 Nc6 4. d5 Ne7 5. Nc3 Ng6 6. a3 Be7 7. Nf3 d6 8. h3
O-O 9. Bg5 Nd7 10. Bxe7 Qxe7 11. g3 Nb6 12. Bd3 Bd7 13. Qd2 Na4 14. Nxa4 Bxa4
15. h4 Bd7 16. h5 Nh8 17. Rh4 f6 18. O-O-O Nf7 19. Nh2 Nh6 20. f4 f5 21. Rg1
fxe4 22. Bxe4 exf4 23. Rxf4 Rxf4 24. Qxf4 Rf8 25. Qh4 Qxh4 26. gxh4 Rf4 27. Bd3
Rxh4 28. Nf3 Rxh5 29. Re1 Nf5 30. Kd2 g6 31. c4 b6 32. Kc3 Kg7 33. Nd4 Kf7 34.
Bxf5 Bxf5 35. Nb5 Rh3+ 36. Kd2 Rd3+ 37. Kc1 h5 38. Nxc7 Rd4 39. b3 Bd7 40. a4
h4 41. Na6 h3 42. Nb8 Bg4 43. Rf1+ Kg7 44. Rf2 Re4 45. Nc6 Re1+ 46. Kd2 Re2+
47. Rxe2 Bxe2 48. Kxe2 h2 0-1

[Event "Landesliga Ost MV 2014-15"]
[Site "Mecklenburg-Vorpommern"]
[Date "2015.02.22"]
[Round "6.7"]
[White "Hausmann, Ulli"]
[Black "Gloeckner, Jan"]
[Result "1-0"]
[WhiteElo "1623"]
[BlackElo "1537"]
[PlyCount "94"]
[EventType "team-tourn"]
[EventRounds "9"]
[EventCountry "GER"]
[SourceDate "2014.04.06"]
[WhiteTeam "SSC Graal-Mueritz"]
[BlackTeam "SG Eintracht Neubrandenburg  III"]

1. f4 d5 2. Nf3 Nc6 3. e3 Bf5 4. a3 h6 5. d4 Nf6 6. Bd3 Qd7 7. O-O g5 8. fxg5
hxg5 9. Ne5 Nxe5 10. Bxf5 Qd6 11. dxe5 Qxe5 12. g3 e6 13. Bd3 Bc5 14. Qf3 O-O-O
15. Qxf6 Bxe3+ 16. Bxe3 Qxe3+ 17. Qf2 Qe5 18. Nc3 f5 19. Rae1 Qf6 20. Qxa7 Qh6
21. Qf2 f4 22. g4 Rde8 23. Re2 c6 24. Rfe1 Kd7 25. Rxe6 Rxe6 26. Bf5 Rhe8 27.
Na4 Kd8 28. Bxe6 Rxe6 29. Nc5 Rxe1+ 30. Qxe1 Qf6 31. Nd3 Qd4+ 32. Kg2 Qc4 33.
Qe2 Kc7 34. Qe7+ Kb8 35. Qf8+ Kc7 36. Qe7+ Kb8 37. Qe2 Kc7 38. b3 Qe4+ 39. Qxe4
dxe4 40. Nc5 e3 41. Ne6+ Kd6 42. Nxg5 Ke5 43. c3 Kf6 44. h4 Ke5 45. Kf3 b6 46.
h5 Kf6 47. Kxf4 e2 1-0

[Event "Landesliga Ost MV 2014-15"]
[Site "Mecklenburg-Vorpommern"]
[Date "2015.02.22"]
[Round "6.8"]
[White "Huebner, Pierre"]
[Black "Mueggenburg, Rolf"]
[Result "1-0"]
[WhiteElo "1677"]
[BlackElo "1552"]
[PlyCount "85"]
[EventType "team-tourn"]
[EventRounds "9"]
[EventCountry "GER"]
[SourceDate "2014.04.06"]
[WhiteTeam "SG Eintracht Neubrandenburg  III"]
[BlackTeam "SSC Graal-Mueritz"]

1. e4 c6 2. d4 d5 3. exd5 cxd5 4. c3 Nc6 5. Nf3 Nf6 6. Bd3 Bg4 7. h3 Bh5 8. O-O
Qc7 9. Nbd2 O-O-O 10. b4 e6 11. Qc2 Bg6 12. Bxg6 hxg6 13. Qd3 Bd6 14. b5 Na5
15. Rb1 b6 16. Re1 Rh5 17. Bb2 Rdh8 18. c4 Kb7 19. c5 Bf4 20. c6+ Kb8 21. Ne5
Bxd2 22. Qxd2 Ne4 23. Qd3 Rf5 24. Rxe4 dxe4 25. Qxe4 Rd8 26. Rc1 Rd5 27. Qe2
Rfxe5 28. dxe5 Kc8 29. f4 Qe7 30. Rd1 Qc5+ 31. Kh2 Kc7 32. Rxd5 Qxd5 33. Ba3
Nc4 34. Bd6+ Nxd6 35. exd6+ Qxd6 36. Qe5 f6 37. Qxd6+ Kxd6 38. Kg3 a6 39. a4
axb5 40. axb5 Ke7 41. Kf3 Kd6 42. g4 f5 43. g5 1-0

[Event "Landesliga Ost MV 2014-15"]
[Site "Mecklenburg-Vorpommern"]
[Date "2015.03.15"]
[Round "7.1"]
[White "Patzenhauer, Max"]
[Black "Stork, Michael"]
[Result "1-0"]
[WhiteElo "1918"]
[BlackElo "2038"]
[PlyCount "163"]
[EventType "team-tourn"]
[EventRounds "9"]
[EventCountry "GER"]
[SourceDate "2014.04.06"]
[WhiteTeam "SV Motor Wolgast"]
[BlackTeam "ESV Waren"]

1. d4 Nf6 2. Nf3 g6 3. Bf4 Bg7 4. Nc3 d5 5. e3 O-O 6. Bd3 c5 7. O-O Nc6 8. h3
Nh5 9. Be5 cxd4 10. Bxg7 Nxg7 11. exd4 Bf5 12. Re1 Rc8 13. a3 Bxd3 14. Qxd3 e6
15. Nd1 Nf5 16. Ne3 Nce7 17. c3 Qc7 18. Qd2 Nd6 19. Qe2 a6 20. Ng4 Ne4 21. Nd2
Nxd2 22. Qxd2 Nf5 23. Re5 Qd8 24. Rae1 h5 25. Nh6+ Nxh6 26. Qxh6 Qf6 27. Rxh5
Qg7 28. Qxg7+ Kxg7 29. Rhe5 Rc6 30. g4 Rb6 31. R1e2 Rh8 32. Kg2 Kf6 33. f4 a5
34. f5 gxf5 35. gxf5 Rh5 36. fxe6 Rxe5 37. dxe5+ Kxe6 38. Kg3 Rc6 39. Rf2 Rc7
40. Kf4 Rc8 41. h4 Rc4+ 42. Kg5 Re4 43. Rf6+ Ke7 44. Rb6 Rxe5+ 45. Kg4 Re4+ 46.
Kg3 Re3+ 47. Kg2 Re2+ 48. Kf3 Rh2 49. Kg3 Re2 50. Rxb7+ Ke6 51. h5 Re3+ 52. Kf4
Re4+ 53. Kf3 Rh4 54. h6 f5 55. Kg3 Rg4+ 56. Kf3 Rh4 57. b4 axb4 58. axb4 Ke5
59. h7 f4 60. Rf7 Ke6 61. Rc7 Kd6 62. Rf7 Kc6 63. Rxf4 Rxh7 64. Ke3 Rh1 65.
Rf6+ Kb5 66. Rd6 Rh3+ 67. Kd4 Rh4+ 68. Kxd5 Rh5+ 69. Kd4 Rh4+ 70. Kd3 Rh3+ 71.
Kc2 Rh2+ 72. Kb3 Rh3 73. Rg6 Rf3 74. Rg5+ Kb6 75. b5 Rh3 76. Kb4 Rh4+ 77. c4
Rh1 78. c5+ Kb7 79. Rg7+ Kb8 80. b6 Rh4+ 81. Kb5 Rh5 82. Ka6 1-0

[Event "Landesliga Ost MV 2014-15"]
[Site "Mecklenburg-Vorpommern"]
[Date "2015.03.15"]
[Round "7.2"]
[White "Schumacher, Albrecht"]
[Black "Reinke, Thomas"]
[Result "1-0"]
[WhiteElo "1950"]
[BlackElo "1883"]
[PlyCount "21"]
[EventType "team-tourn"]
[EventRounds "9"]
[EventCountry "GER"]
[SourceDate "2014.04.06"]
[WhiteTeam "ESV Waren"]
[BlackTeam "SV Motor Wolgast"]

1. d4 f5 2. Bg5 g6 3. e3 Bg7 4. h4 h6 5. Bf4 d6 6. Nc3 Nc6 7. Nf3 b6 8. Bb5 Bd7
9. d5 Ne5 10. Nd4 a6 11. Ne6 1-0

[Event "Landesliga Ost MV 2014-15"]
[Site "Mecklenburg-Vorpommern"]
[Date "2015.03.15"]
[Round "7.3"]
[White "Riebort, Frank"]
[Black "Schreiner, Wolfgang"]
[Result "1/2-1/2"]
[WhiteElo "1885"]
[BlackElo "1830"]
[PlyCount "39"]
[EventType "team-tourn"]
[EventRounds "9"]
[EventCountry "GER"]
[SourceDate "2014.04.06"]
[WhiteTeam "SV Motor Wolgast"]
[BlackTeam "ESV Waren"]

1. d4 Nf6 2. c4 e6 3. Nc3 Bb4 4. Bg5 c5 5. d5 e5 6. Rc1 h6 7. Bxf6 Qxf6 8. e4
Qg6 9. Qf3 d6 10. Bd3 O-O 11. Nge2 f5 12. Qg3 Qh5 13. exf5 Bxf5 14. O-O Bxd3
15. Qxd3 Bxc3 16. Rxc3 Nd7 17. Ng3 Qf7 18. Ne4 Qe7 19. Qh3 Nf6 20. f3 1/2-1/2

[Event "Landesliga Ost MV 2014-15"]
[Site "Mecklenburg-Vorpommern"]
[Date "2015.03.15"]
[Round "7.4"]
[White "Wittig, Harry"]
[Black "Schubert, Volker"]
[Result "1/2-1/2"]
[WhiteElo "1867"]
[BlackElo "2059"]
[PlyCount "84"]
[EventType "team-tourn"]
[EventRounds "9"]
[EventCountry "GER"]
[SourceDate "2014.04.06"]
[WhiteTeam "ESV Waren"]
[BlackTeam "SV Motor Wolgast"]

1. d4 d5 2. Nf3 Nf6 3. e3 e6 4. Bd3 c5 5. c3 Nc6 6. Nbd2 Bd6 7. O-O O-O 8. dxc5
Bxc5 9. e4 Qc7 10. Qe2 b6 11. e5 Ng4 12. Bxh7+ Kxh7 13. Ng5+ Kg8 14. Qxg4 Qxe5
15. Ndf3 Qf6 16. Qh5 Qh6 17. Qxh6 gxh6 18. Nh3 Kh7 19. Nf4 Bb7 20. Re1 Rae8 21.
Be3 Bd6 22. Rad1 Bb8 23. Bc1 Rd8 24. Nh5 Kg6 25. Nf4+ Kh7 26. h3 b5 27. a3 a6
28. Nh5 Bc8 29. Bf4 Bxf4 30. Nxf4 Rfe8 31. Nd4 Nxd4 32. cxd4 Bb7 33. Nd3 f6 34.
Nc5 Bc8 35. f4 Kg6 36. Re3 e5 37. fxe5 fxe5 38. Rg3+ Kh7 39. dxe5 Rxe5 40. Rf1
Bf5 41. Nd3 Bxd3 42. Rf7+ Kh8 1/2-1/2

[Event "Landesliga Ost MV 2014-15"]
[Site "Mecklenburg-Vorpommern"]
[Date "2015.03.15"]
[Round "7.6"]
[White "Lotz, Robert"]
[Black "Pochop, Bert"]
[Result "0-1"]
[WhiteElo "1712"]
[BlackElo "1804"]
[PlyCount "92"]
[EventType "team-tourn"]
[EventRounds "9"]
[EventCountry "GER"]
[SourceDate "2014.04.06"]
[WhiteTeam "ESV Waren"]
[BlackTeam "SV Motor Wolgast"]

1. e4 c5 2. Nf3 Nc6 3. Bc4 e6 4. d4 cxd4 5. Nxd4 Nf6 6. Nxc6 bxc6 7. Qf3 d5 8.
exd5 exd5 9. Bb3 Bb4+ 10. c3 Be7 11. O-O O-O 12. h3 Be6 13. Bf4 Bd6 14. Nd2
Bxf4 15. Qxf4 Qd7 16. Rad1 Rad8 17. Rfe1 h6 18. Ne4 Nxe4 19. Rxe4 Qb7 20. Rb4
Qa8 21. Qg3 Bf5 22. Qe5 Qc8 23. Rf4 Bg6 24. c4 Rfe8 25. Qc3 Re4 26. Rd4 c5 27.
Rfxe4 dxe4 28. Rd5 Rxd5 29. cxd5 Qc7 30. Qc4 Qd6 31. Qb5 Kf8 32. Qb7 Qb6 33.
Qc8+ Ke7 34. Bc4 Kf6 35. g4 Qd6 36. Qc6 Ke5 37. Qe8+ Kd4 38. b3 Qe5 39. Qc6 e3
40. d6 exf2+ 41. Kxf2 Qe3+ 42. Kf1 Be4 43. d7 Qxh3+ 44. Ke2 Qe3+ 45. Kd1 Kc3
46. d8=Q Bc2# 0-1

[Event "Landesliga Ost MV 2014-15"]
[Site "Mecklenburg-Vorpommern"]
[Date "2015.03.15"]
[Round "7.7"]
[White "Schellner, Ulf"]
[Black "Mayerhoff, Lothar"]
[Result "1/2-1/2"]
[WhiteElo "1632"]
[BlackElo "1560"]
[PlyCount "20"]
[EventType "team-tourn"]
[EventRounds "9"]
[EventCountry "GER"]
[SourceDate "2014.04.06"]
[WhiteTeam "SV Motor Wolgast"]
[BlackTeam "ESV Waren"]

1. d4 e6 2. c4 Nf6 3. Nc3 Bb4 4. Nf3 Ne4 5. Qc2 d5 6. e3 O-O 7. Bd3 f5 8. O-O
Nc6 9. a3 Bxc3 10. bxc3 g5 1/2-1/2

[Event "Landesliga Ost MV 2014-15"]
[Site "Mecklenburg-Vorpommern"]
[Date "2015.03.15"]
[Round "7.8"]
[White "Stork, Leonard Christopher"]
[Black "Zimmermann, Frank"]
[Result "1/2-1/2"]
[WhiteElo "1388"]
[BlackElo "1615"]
[PlyCount "129"]
[EventType "team-tourn"]
[EventRounds "9"]
[EventCountry "GER"]
[SourceDate "2014.04.06"]
[WhiteTeam "ESV Waren"]
[BlackTeam "SV Motor Wolgast"]

1. Nf3 Nc6 2. d4 d5 3. c4 e6 4. Nc3 Nf6 5. Bg5 Be7 6. e3 O-O 7. Bxf6 Bxf6 8.
cxd5 exd5 9. Qb3 Ne7 10. Bd3 c6 11. O-O Rb8 12. Rac1 Bg4 13. Ne1 Qd7 14. Na4 b6
15. Nc2 a5 16. Qa3 Bf5 17. Bxf5 Nxf5 18. b4 Be7 19. Qb3 b5 20. Nc5 Bxc5 21.
bxc5 Rfe8 22. Qd3 Nh4 23. g3 Nf3+ 24. Kg2 Qg4 25. Qd1 Nh4+ 26. Kh1 Qf3+ 27.
Qxf3 Nxf3 28. Kg2 Nd2 29. Rfd1 Nc4 30. Ne1 b4 31. Nf3 b3 32. axb3 Rxb3 33. Nd2
Nxd2 34. Rxd2 a4 35. Ra2 a3 36. Rca1 Ra8 37. Kf3 Kf8 38. Kf4 Ke7 39. f3 Ke6 40.
Rd2 h6 41. h4 f5 42. Rg2 Kf6 43. h5 Ra4 44. g4 fxg4 45. Rxg4 a2 46. Rg6+ Kf7
47. Rg2 Rba3 48. Rb2 Kf6 49. Rb6 Ra6 50. e4 dxe4 51. fxe4 Rxb6 52. cxb6 Rb3 53.
Rxa2 Rxb6 54. e5+ Ke6 55. Ra7 Rb4 56. Ke4 c5 57. Ra6+ Ke7 58. Rd6 cxd4 59. Rxd4
Rb1 60. Kf5 Rh1 61. Kg6 Rg1+ 62. Kh7 Rg5 63. Rd6 Rxe5 64. Rg6 Rxh5 65. Kxg7
1/2-1/2

[Event "Landesliga Ost MV 2014-15"]
[Site "Mecklenburg-Vorpommern"]
[Date "2015.03.15"]
[Round "7.1"]
[White "Bigalke, Steffen"]
[Black "Pawlick, Helmut"]
[Result "1/2-1/2"]
[WhiteElo "1795"]
[BlackElo "1816"]
[PlyCount "52"]
[EventType "team-tourn"]
[EventRounds "9"]
[EventCountry "GER"]
[SourceDate "2014.04.06"]
[WhiteTeam "SAV Torgelow-Droegeheide 90  II"]
[BlackTeam "SV Rugia Bergen"]

1. e4 Nf6 2. e5 Nd5 3. d4 d6 4. c4 Nb6 5. exd6 cxd6 6. Nc3 g6 7. Be3 Bg7 8. Rc1
O-O 9. b3 N6d7 10. Be2 Nf6 11. f4 Bf5 12. h3 Ne4 13. Nxe4 Bxe4 14. Nf3 Qc7 15.
O-O Nc6 16. Qd2 e5 17. d5 exf4 18. Bxf4 Bxf3 19. Bxf3 Ne5 20. Bxe5 Bxe5 21. Qf2
b6 22. Rfe1 Rfe8 23. Kf1 Kf8 24. Rc2 Qc5 25. Qxc5 bxc5 26. Ree2 a5 1/2-1/2

[Event "Landesliga Ost MV 2014-15"]
[Site "Mecklenburg-Vorpommern"]
[Date "2015.03.15"]
[Round "7.2"]
[White "Pawlowicz, Wolfgang"]
[Black "Otto, Martin"]
[Result "0-1"]
[WhiteElo "1711"]
[BlackElo "1828"]
[PlyCount "84"]
[EventType "team-tourn"]
[EventRounds "9"]
[EventCountry "GER"]
[SourceDate "2014.04.06"]
[WhiteTeam "SV Rugia Bergen"]
[BlackTeam "SAV Torgelow-Droegeheide 90  II"]

1. c4 e5 2. Nc3 d6 3. g3 f5 4. d3 Nf6 5. Bg2 c6 6. Nf3 g6 7. Bg5 h6 8. Bd2 Bg7
9. Qa4 O-O 10. h4 Nbd7 11. Nh2 Nc5 12. Qc2 Ne6 13. e3 d5 14. cxd5 Nxd5 15. Nxd5
cxd5 16. Qb3 e4 17. Bb4 Rf7 18. Rd1 a5 19. Ba3 a4 20. Qc2 Qa5+ 21. Qd2 Qxd2+
22. Rxd2 Rc7 23. O-O Ra6 24. dxe4 dxe4 25. Rfd1 Rac6 26. f3 exf3 27. Bxf3 Rc2
28. Be2 Rxd2 29. Rxd2 Bd7 30. Bb4 Rc1+ 31. Kf2 Bc6 32. Nf3 Nc5 33. Bxc5 Rxc5
34. Bd1 Kf7 35. b3 a3 36. Nd4 Be4 37. Nc2 Bb2 38. Nb4 Ke7 39. Bc2 Bc3 40. Bxe4
Bxd2 41. Nd3 Rc3 42. Bxb7 Rxd3 0-1